000 00157 a2200073 4500
020 _a9780798134286
082 _aAJF VELS
245 _aLiewe heksie en die pampoene
999 _c793086
_d793085
942 _w373
_xConstance Rauwane
_y373
_zConstance Rauwane